Saint Lucia Country Quiz - Statistics

General Stats
  • This quiz has been taken 637 times
    588 since last reset
  • The average score is 13 of 21
Answer Stats
Hint Answer % Correct
Sea in which Saint Lucia is situated Caribbean Sea
98%
Official language English
98%
Country from which Saint Lucia gained independence in 1979 United Kingdom
96%
The above is part of this greater island chain Lesser {Antilles}
94%
Most popular sport Cricket
89%
Island nation located 41 km due south of Saint Lucia Saint Vincent and the Grenadines
82%
Fruit that account for 22% of the exports Banana
77%
Island nation located 145 km southeast of Saint Lucia Barbados
77%
Saint Lucia has the highest number of laureates of this prize per-capita Nobel Prize
77%
Saint Lucia is one of world's two countries that is named after a ______ Woman
74%
Capital of Saint Lucia Castries
69%
Most commonly-spoken language Saint Lucian French Creole
69%
French territory that located 32 km north of Saint Lucia Martinique
66%
This makes up about 1/3 of the country's exports Oil
59%
Smart type of bird that is the national bird of Saint Lucia Parrot
49%
Head of state Queen Elizabeth II
43%
Saint Lucia is part of this island chain {Windward} Islands
39%
Extinct group of indigenous people who were the first proven inhabitants of Saint Lucia Taíno (Arawak)
22%
Saint Lucia is the only island in the world that contains a drive-in ______ Volcano
15%
Name for the pair of pointy mountains in the west coast of Saint Lucia Gros {Piton}
13%
Saint Lucia is divided into 11 of these Quarters
7%
No matching quizzes found
Score Distribution
Percent of People with Each Score
Percentile by Number Answered
Your Score History
You have not taken this quiz since the last reset